MARC

LEADER 00000nam0a2200000 4500
001 285498
005 20231101235811.0
020 |a RU  |b 85-15686 
035 |a (RuTPU)RU\TPU\book\309740 
090 |a 285498 
100 |a 20150225d1985 k y0rusy5003 ca 
101 0 |a rus 
102 |a RU 
105 |a y z 001zy 
200 1 |a Обобщенные функции и дифференциальные уравнения  |e [сборник статей]  |f Академия наук СССР (АН СССР), Уральский научный центр (УНЦ) 
210 |a Свердловск  |c Изд-во УНЦ  |d 1985 
215 |a 104 с.  |d 21 см 
320 |a Библиография в конце статей 
606 1 |a Дифференциальные уравнения  |2 stltpush  |3 (RuTPU)RU\TPU\subj\9693  |9 36875 
606 1 |a Обобщенные функции  |2 stltpush  |3 (RuTPU)RU\TPU\subj\46421  |9 65561 
610 1 |a псевдофункции 
610 1 |a дельта-функция 
610 1 |a умножение 
610 1 |a асимптотические разложения 
610 1 |a расходящиеся интегралы 
610 1 |a регуляризация 
610 1 |a разрывные функции 
610 1 |a произведение 
610 1 |a аппроксимационный подход 
610 1 |a динамические системы 
610 1 |a экстремальные системы 
610 1 |a следящие системы 
610 1 |a импульсный синтез 
675 |a 517.9  |z rus  |v 4 
675 |a 517.982.4  |z rus  |v 4 
712 0 2 |a Академия наук СССР (АН СССР)  |b Уральский научный центр (УНЦ)  |2 stltpush  |3 (RuTPU)RU\TPU\col\3284 
801 0 |a RU  |b RuMRKP  |c 19950704  |g psbo 
801 1 |a RU  |b 63413507  |c 20150225 
801 2 |a RU  |b 63413507  |c 20170602  |g RCR 
942 |c BK